Les pays du monde les plus chrétiens - Statistiques

Statistiques générales
  • Ce quiz a été pris 194 fois
  • Le résultat moyen est 17 sur 40
Réponses sur la Carte
Les réponses sont colorées sur une échelle allant du rouge au vert en fonction du pourcentage des utilisateurs qui les ont devinées à leur premier essai. Vous pouvez retrouver ces pourcentages ci-dessous.
 
Statistiques - réponses
Réponse % Correct
Vatican
77%
Mexique
73%
République démocratique du Congo
68%
Colombie
66%
Pologne
62%
Venezuela
57%
Équateur
53%
Grèce
51%
Haïti
50%
Panama
50%
Roumanie
50%
Bolivie
49%
Paraguay
49%
Malte
48%
Saint-Marin
48%
Angola
46%
République dominicaine
44%
Philippines
43%
Croatie
42%
Guatemala
42%
Arménie
40%
Serbie
40%
Irlande
39%
Cap-Vert
38%
Namibie
36%
Zambie
35%
Bahamas
33%
Islande
33%
Moldavie
32%
Guinée équatoriale
28%
Kiribati
28%
Samoa
27%
Tuvalu
27%
Nauru
26%
Rwanda
26%
Salomon
25%
Grenade
24%
Seychelles
24%
Micronésie
21%
Timor Oriental
19%
Aucun quiz correspondant
Distribution des résultats
% des personnes avec chaque résultat
Percentile par nombre de réponses
Votre historique - résultats
Vous n’avez pas pris ce quiz